01306 am a2200337 a 45000010008000000030004000080050017000120080041000290200015000700350020000850400021001050430012001260500024001380820028001622450162001902600073003523000033004254400049004585000044005075000057005515040056006085210021006645260016006855410006007015620056007076100043007636500032008066500053008386500034008917100043009255147995OSt20140310182748.0040521s2003 sz a b i000 0 eng d a9291372528 a(OCoLC)55233134 aUIUcUIUdCaOTUL an-cn--- aKE 6129b.In61 2003 aM 343.71057 bIn61 200300aBusiness guide to trade remedies in Canada :banti-dumping, countervailing and safeguards legislation, practices and procedures /cInternational Trade Centre aGeneva, Switzerland :bITC ;aNew York, NY :bUnited Nations,c2003. axv, 168 p. :bill. ;c30 cm. 0aBusiness and the multilateral trading system a"ITC/P149.E/TSS/BAS/03-II"--T.p. verso. a"United Nations Sales No. E.03.III.T.2"--T.p. verso. aIncludes bibliographical references (p. [167]-168). aCollege Students c1210L-1700L j1 eFor circulation. 1 copy available in the collection20aCanadian International Trade Tribunal. 0aAntidumping dutieszCanada. 0aAntidumping dutiesxLaw and legislationzCanada. 0aDumping (International trade)2 aInternational Trade Centre UNCTAD/WTO.